Apuntes del curso de caminos

Guardat en:
Dades bibliogràfiques
Autor principal: Pavez Núñez, Luis Alfredo (autor)
Format: Llibre
Idioma:espanyol
Publicat: Valparaíso Central de Apuntes ECC-UCV 1973
Matèries:
Etiquetes: Afegir etiqueta
Sense etiquetes, Sigues el primer a etiquetar aquest registre!

MARC

LEADER 00000nam a2200000 a 4500
001 UCV3957
003 CL-VaPUC
008 880929e19730000CL |||||||||||||||||spa|d
082 0 4 |a 625.7  |b PAV  |2 21 
100 |a Pavez Núñez, Luis Alfredo  |e autor  |9 755117 
245 1 0 |a Apuntes del curso de caminos 
300 |a 48 h 
942 |c BK 
945 |d 19880929 00:00:00 
260 |a Valparaíso  |b Central de Apuntes ECC-UCV  |c 1973 
650 7 |a CAMINOS  |2 CL-VaPUC  |9 260131 
650 0 |a Carreteras  |9 260132 
651 7 |a CHILE  |2 CL-VaPUC  |9 298352 
583 |a last modification  |c 20170103 05:30:27  |k Rodrigo Vera 
999 |c 211031  |d 211029